Market definition and assessing the competitive relationship between rail and truck transportation.
Vyvíjanie metódy na zostavenie definície trhu v štúdiách intermodálnej konkurencie. Aplikovanie metódy v dopravnom modeli, ktorý poskytuje ukazovatele možností výberu medzi cestnými a železničnými službami na prepravu ovocia a zeleniny. Definovanie dezagregovaného trhu na charakterizovanie možností...
Salvato in:
| Autore principale: | |
|---|---|
| Altri autori: | |
| Natura: | Capitolo di libro |
| Lingua: | inglese |
| Soggetti: | |
| Tags: |
Nessun Tag, puoi essere il primo ad aggiungerne!!
|
MARC
| LEADER | 00000naa a2200000 4500 | ||
|---|---|---|---|
| 001 | r009108 | ||
| 005 | 20221213084306.3 | ||
| 041 | 0 | |a eng | |
| 044 | |a US | ||
| 245 | 1 | 0 | |a Market definition and assessing the competitive relationship between rail and truck transportation. |c P. Buckley, D.M. Westbrook |
| 520 | |a Vyvíjanie metódy na zostavenie definície trhu v štúdiách intermodálnej konkurencie. Aplikovanie metódy v dopravnom modeli, ktorý poskytuje ukazovatele možností výberu medzi cestnými a železničnými službami na prepravu ovocia a zeleniny. Definovanie dezagregovaného trhu na charakterizovanie možností nahradzovania jednotlivých záujmov. | ||
| 610 | 2 | 0 | |a doprava automobilová nákladná |
| 610 | 2 | 0 | |a doprava železničná nákladná |
| 610 | 2 | 0 | |a konkurencia |
| 610 | 2 | 0 | |a trh |
| 610 | 2 | 0 | |a dezagregácia |
| 610 | 2 | 0 | |a modely |
| 610 | 2 | 0 | |a preprava |
| 610 | 2 | 0 | |a ovocie |
| 610 | 2 | 0 | |a zelenina |
| 100 | 1 | |a Buckley, P. | |
| 700 | 1 | |a Westbrook, D.M. | |